[Event "Zhukovsky Winter op"]
[Site "Zhukovsky"]
[Date "2014.??.??"]
[Round "5"]
[White "Skibinskaya, Nadezhda"]
[Black "Domnin, Vladimir"]
[Result "0-1"]
[WhiteElo "1657"]
[BlackElo "1885"]
[PlyCount "176"]
[EventDate "2014.11.22"]
[EventType "swiss"]
[EventRounds "9"]
[EventCountry "RUS"]
[SourceTitle "EXT 2016"]
[Source "ChessBase"]
[SourceDate "2015.10.08"]
[SourceVersion "1"]
[SourceVersionDate "2015.10.08"]
[SourceQuality "1"]

1. c4 e6 2. Nc3 Nf6 3. d4 d5 4. c5 c6 5. Nf3 Be7 6. Bf4 Nbd7 7. e3 Qa5 8. Qd2 b6 9. cxb6 axb6 10. Be2 0-0 11. 0-0 c5 12. b3 Ba6 13. Bxa6 Qxa6 14. Rfc1 cxd4 15. Qxd4 Bc5 16. Qd2 Bb4 17. Qe2 Bxc3 18. Qxa6 Rxa6 19. Rxc3 Ne4 20. Rc2 Ndc5 21. Rb1 Rfa8 22. a4 f6 23. h3 e5 24. Bh2 Rd8 25. Nd2 Ra7 26. Nxe4 dxe4 27. g4 Rd3 28. Rc4 Nxb3 29. Rb4 Nd2 30. R1b2 Kf7 31. Rxb6 Rxa4 32. Rb7+ Kg6 33. Kg2 Nf3 34. Re7 Rd8 35. Rbb7 Rg8 36. Rb1 Ra2 37. Bg3 h5 38. gxh5+ Kxh5 39. Rb4 Nd2 40. h4 Kh6 41. Kh3 Rc2 42. Kg4 Kg6 43. Rb6 Nc4 44. Rbb7 Kh6 45. h5 Kh7 46. Bh4 Nd6 47. Bxf6 Nxb7 48. Rxb7 Rxf2 49. Bxe5 Rf3 50. Bf4 Kh8 51. Re7 Rf1 52. Rxe4 Rf8 53. Re7 Kg8 54. Re6 Rf7 55. Kh3 Kh7 56. Kg3 Rb1 57. Re5 Rd7 58. Kf3 Re1 59. Kf2 Rh1 60. Kg2 Rdd1 61. Kf3 Rdg1 62. Ke4 Rh3 63. Kd5 Rgh1 64. Ke6 Rxh5 65. Re4 Rb5 66. Kd6 Ra1 67. Ke6 Ra6+ 68. Bd6 Rh5 69. Rd4 g6 70. Rd3 Kg7 71. e4 g5 72. e5 Kg6 73. Rf3 Rh4 74. Kd5 Ra5+ 75. Kc6 Rc4+ 76. Kd7 g4 77. Rf1 Ra7+ 78. Ke6 Rc3 79. Rf6+ Kh5 80. Rf5+ Kh4 81. Be7+ Kh3 82. Rh5+ Kg2 83. Bd6 Ra6 84. Kf5 g3 85. Rh8 Kf2 86. Bb4 Rc4 87. Bd2 g2 88. Rh2 Kg3 0-1

[Event "Zhukovsky op"]
[Site "Zhukovsky"]
[Date "2011.02.23"]
[Round "7"]
[White "Domnin, Vladimir"]
[Black "Shvetzov, Mikhail"]
[Result "1-0"]
[WhiteElo "1991"]
[BlackElo "1788"]
[PlyCount "51"]
[EventDate "2011.02.17"]
[EventType "swiss"]
[EventRounds "9"]
[EventCountry "RUS"]
[SourceTitle "CBM 141 Extra"]
[Source "ChessBase"]
[SourceDate "2011.05.03"]
[SourceVersion "1"]
[SourceVersionDate "2011.05.03"]
[SourceQuality "1"]

1. d4 Nf6 2. c4 g6 3. Nc3 Bg7 4. e4 d6 5. f4 c5 6. d5 0-0 7. Nf3 e6 8. Bd3 exd5 9. cxd5 b5 10. Bxb5 Nxe4 11. Nxe4 Qa5+ 12. Qd2 Qxb5 13. Nxd6 Qd7 14. Nxc8 Re8+ 15. Kf2 Rxc8 16. Re1 Na6 17. Ne5 Qd6 18. Nc4 Bd4+ 19. Qxd4 cxd4 20. Nxd6 Rd8 21. Ne4 Nb4 22. Rd1 Kg7 23. b3 f5 24. Ng5 Rxd5 25. Rd2 Re8 26. Bb2 1-0

[Event "Zhukovsky op"]
[Site "Zhukovsky"]
[Date "2011.02.20"]
[Round "4"]
[White "Balvas, Petr"]
[Black "Domnin, Vladimir"]
[Result "0-1"]
[WhiteElo "1586"]
[BlackElo "1991"]
[PlyCount "62"]
[EventDate "2011.02.17"]
[EventType "swiss"]
[EventRounds "9"]
[EventCountry "RUS"]
[SourceTitle "CBM 141 Extra"]
[Source "ChessBase"]
[SourceDate "2011.05.03"]
[SourceVersion "1"]
[SourceVersionDate "2011.05.03"]
[SourceQuality "1"]

1. e4 c5 2. Nf3 Nc6 3. Bc4 e6 4. a3 a6 5. Nc3 b5 6. Ba2 Bb7 7. d3 Bd6 8. 0-0 Nge7 9. Bg5 h6 10. Bh4 Qc7 11. d4 Ng6 12. e5 Nxh4 13. exd6 Nxf3+ 14. Qxf3 Qxd6 15. d5 Nd4 16. Qg4 0-0 17. Ne4 Qc7 18. Nf6+ Kh8 19. Nh5 g6 20. Nf6 Qd8 21. Qh4 Nf5 22. Qh3 Qxf6 23. g4 Qg5 24. f4 Qh4 25. Qc3+ Nd4 26. Qxc5 Qxg4+ 27. Kh1 Ne2 28. Qe3 exd5 29. Qe5+ Kh7 30. Bxd5 Rae8 31. Qf6 Bxd5+ 0-1

[Event "Zhukovsky-A 02"]
[Site "Zhukovsky"]
[Date "2011.02.09"]
[Round "5"]
[White "Domnin, Vladimir"]
[Black "Lavrentjeva, Galina"]
[Result "1-0"]
[WhiteElo "1991"]
[BlackElo "2073"]
[PlyCount "77"]
[EventDate "2011.02.09"]
[EventType "swiss"]
[EventRounds "9"]
[EventCountry "RUS"]
[SourceTitle "EXT 2022"]
[Source "ChessBase"]
[SourceDate "2021.10.06"]
[SourceVersion "1"]
[SourceVersionDate "2021.10.06"]
[SourceQuality "1"]

1. d4 Nf6 2. c4 e6 3. Nc3 Bb4 4. Bd2 0-0 5. e3 d5 6. Nf3 Nc6 7. a3 Bxc3 8. Bxc3 Ne4 9. Qc2 Bd7 10. Bd3 f5 11. 0-0 Be8 12. cxd5 exd5 13. Nd2 Qg5 14. f4 Qe7 15. Nxe4 fxe4 16. Be2 Bd7 17. b4 a6 18. Rfb1 g5 19. b5 axb5 20. Bxb5 gxf4 21. Bxc6 bxc6 22. Bb4 Qg5 23. Bxf8 Rxf8 24. exf4 Rxf4 25. Rf1 Rg4 26. Qf2 Qg7 27. Rab1 h5 28. Rb8+ Kh7 29. Rf8 Be6 30. h3 Rg3 31. Kh2 h4 32. Rg1 e3 33. Qf4 Qe7 34. Rf6 Kg8 35. Qxh4 Rg7 36. Qf4 e2 37. Qe5 Qd6 38. Rxe6 Qxe5+ 39. Rxe5 1-0

[Event "Zhukovsky-A 02"]
[Site "Zhukovsky"]
[Date "2011.02.09"]
[Round "8"]
[White "Domnin, Vladimir"]
[Black "Medvedev, Vladimir"]
[Result "1/2-1/2"]
[WhiteElo "1991"]
[BlackElo "2126"]
[PlyCount "117"]
[EventDate "2011.02.09"]
[EventType "swiss"]
[EventRounds "9"]
[EventCountry "RUS"]
[SourceTitle "EXT 2022"]
[Source "ChessBase"]
[SourceDate "2021.10.06"]
[SourceVersion "1"]
[SourceVersionDate "2021.10.06"]
[SourceQuality "1"]

1. d4 f5 2. Nf3 Nf6 3. c4 g6 4. Nc3 Bg7 5. e3 d6 6. Be2 0-0 7. Qb3 Kh8 8. d5 Na6 9. Nd4 Nc5 10. Qc2 a5 11. 0-0 e5 12. dxe6 Bxe6 13. Nxe6 Nxe6 14. Nd5 Ne4 15. f3 N4c5 16. Bd2 c6 17. Nc3 Qb6 18. Nd1 f4 19. Kh1 fxe3 20. Bxe3 Rae8 21. Bd3 Nf4 22. Bxf4 Rxf4 23. Rb1 Nxd3 24. Qxd3 Qd4 25. Qxd4 Rxd4 26. Nf2 Rxc4 27. Ne4 Be5 28. b3 Rc2 29. a4 d5 30. Rf2 Rxf2 31. Nxf2 Bd4 32. Nd3 g5 33. h3 Re3 34. Nf2 h5 35. h4 g4 36. fxg4 hxg4 37. Nxg4 Re4 38. Nh2 Rxh4 39. g3 Re4 40. Nf3 Bb6 41. Kg2 Bc7 42. Nh4 d4 43. Nf5 c5 44. Kf3 Re5 45. g4 Re6 46. Rc1 b6 47. g5 Kh7 48. Nxd4 Re5 49. Nb5 Bd8 50. Kf4 Rxg5 51. Rd1 Rg8 52. Rd6 Re8 53. Kf5 Kg7 54. Rc6 Rf8+ 55. Ke5 Kf7 56. Kd6 Rh8 57. Kd5 Kg7 58. Kd6 Kf7 59. Kd5 1/2-1/2

[Event "Zhukovsky-A 02"]
[Site "Zhukovsky"]
[Date "2011.02.09"]
[Round "9"]
[White "Magin, Alexey"]
[Black "Domnin, Vladimir"]
[Result "0-1"]
[WhiteElo "1982"]
[BlackElo "1991"]
[PlyCount "124"]
[EventDate "2011.02.09"]
[EventType "swiss"]
[EventRounds "9"]
[EventCountry "RUS"]
[SourceTitle "EXT 2022"]
[Source "ChessBase"]
[SourceDate "2021.10.06"]
[SourceVersion "1"]
[SourceVersionDate "2021.10.06"]
[SourceQuality "1"]

1. e4 c5 2. Nf3 Nc6 3. d4 cxd4 4. Nxd4 e5 5. Nb5 a6 6. Nd6+ Bxd6 7. Qxd6 Qe7 8. Qd1 Nf6 9. Nc3 h6 10. a3 b5 11. Be3 Bb7 12. Be2 0-0 13. 0-0 Nd8 14. Bf3 Ne6 15. Qd2 Nc5 16. Nd5 Nxd5 17. exd5 d6 18. b4 Nd7 19. Be2 f5 20. f3 Rac8 21. Rac1 f4 22. Bf2 e4 23. fxe4 Qxe4 24. Bg4 Rcd8 25. Be6+ Kh8 26. Rfe1 Qg6 27. Bh4 f3 28. Rf1 Ne5 29. Bxd8 Rxd8 30. Rf2 Rf8 31. Re1 Bc8 32. Rxe5 dxe5 33. Bxc8 Rxc8 34. d6 e4 35. Kf1 Rd8 36. gxf3 Rxd6 37. Qc3 Rc6 38. Qd2 exf3 39. Qd8+ Kh7 40. Qd3 Qxd3+ 41. cxd3 Rc3 42. Rd2 Rxa3 43. Kf2 Rb3 44. Kxf3 Rxb4 45. d4 Kg8 46. Ke4 Kf7 47. Kd5 Ke7 48. Kc6 Rc4+ 49. Kb6 Kd6 50. Kxa6 b4 51. Kb5 Kd5 52. Rg2 Rxd4 53. Rxg7 Rh4 54. Rg2 h5 55. Rb2 Ke6 56. Re2+ Kf5 57. Rb2 Rf4 58. Rb3 h4 59. Kc5 Kg5 60. Kd5 Rf2 61. Rxb4 Rf5+ 62. Kd4 Rf4+ 0-1

[Event "Zhukovsky op 05"]
[Site "Zhukovsky"]
[Date "2011.??.??"]
[Round "2"]
[White "Domnin, Vladimir"]
[Black "Fyodorova, Irina"]
[Result "0-1"]
[WhiteElo "1991"]
[BlackElo "1951"]
[PlyCount "88"]
[EventDate "2011.05.15"]
[EventType "swiss"]
[EventRounds "9"]
[EventCountry "RUS"]
[SourceTitle "EXT 2012"]
[Source "ChessBase"]
[SourceDate "2011.11.24"]
[SourceVersion "1"]
[SourceVersionDate "2011.11.24"]
[SourceQuality "1"]

1. e4 c6 2. d4 d5 3. e5 Bf5 4. Nf3 e6 5. Bd3 Bxd3 6. Qxd3 Qa5+ 7. Bd2 Qa6 8. 0-0 Qxd3 9. cxd3 Ne7 10. Bg5 Nd7 11. Bxe7 Bxe7 12. a4 0-0 13. Nbd2 Rfc8 14. Nb3 c5 15. Na5 b6 16. Nb7 Rc6 17. a5 Rb8 18. a6 c4 19. Rfc1 Rbc8 20. Ne1 Nb8 21. h3 cxd3 22. Rxc6 Nxc6 23. Nxd3 Nxd4 24. Kf1 Nb5 25. Rc1 Rxc1+ 26. Nxc1 Kf8 27. Ne2 Ke8 28. Ke1 Kd7 29. Kd2 Bc5 30. f3 Nc7 31. Nf4 Nxa6 32. Nh5 Bf8 33. Kc3 Nc5 34. Nd6 Bxd6 35. exd6 Kxd6 36. Nxg7 a5 37. Ne8+ Ke5 38. g3 d4+ 39. Kc4 d3 40. Kc3 b5 41. f4+ Ke4 42. Nd6+ Kd5 43. Nxb5 Ne4+ 44. Kb3 a4+ 0-1

[Event "Zhukovsky op 05"]
[Site "Zhukovsky"]
[Date "2011.??.??"]
[Round "4"]
[White "Nekrasov, Evgeny G"]
[Black "Domnin, Vladimir"]
[Result "1/2-1/2"]
[WhiteElo "2078"]
[BlackElo "1991"]
[PlyCount "129"]
[EventDate "2011.05.15"]
[EventType "swiss"]
[EventRounds "9"]
[EventCountry "RUS"]
[SourceTitle "EXT 2012"]
[Source "ChessBase"]
[SourceDate "2011.11.24"]
[SourceVersion "1"]
[SourceVersionDate "2011.11.24"]
[SourceQuality "1"]

1. b3 d5 2. Bb2 c5 3. e3 Nc6 4. Bb5 a6 5. Bxc6+ bxc6 6. f4 e6 7. Nf3 Nf6 8. 0-0 Be7 9. c4 0-0 10. Nc3 a5 11. Rc1 Ba6 12. Ne5 Qc7 13. Na4 Nd7 14. d3 Nxe5 15. Bxe5 Bd6 16. Bxd6 Qxd6 17. cxd5 c4 18. Nb6 Rae8 19. Nxc4 Bxc4 20. bxc4 exd5 21. c5 Qe6 22. Rf3 d4 23. e4 Qxa2 24. Ra1 Qb2 25. Rxa5 Qb4 26. Qa1 Rb8 27. h3 h6 28. Ra4 Qxc5 29. Qxd4 Rb1+ 30. Kh2 Qc1 31. Ra2 c5 32. Qf2 c4 33. dxc4 Qxc4 34. Qc2 Qb5 35. Ra5 Qb6 36. Ra6 Qg1+ 37. Kg3 Rfb8 38. Ra2 Qd4 39. Rd3 Qf6 40. e5 Qg6+ 41. Kh2 R1b4 42. Rf3 Qe6 43. Qd2 f6 44. exf6 Qxf6 45. Ra8 Qf8 46. Rxb8 Qxb8 47. Qd5+ Kh8 48. Qe5 Qxe5 49. fxe5 Re4 50. Rf5 g6 51. Rf6 Kg7 52. Re6 Kf7 53. Rf6+ Kg7 54. Re6 h5 55. Kg3 g5 56. Kf3 Re1 57. Kf2 Re4 58. Kf3 Rf4+ 59. Kg3 h4+ 60. Kh2 Re4 61. Kh1 Kf7 62. Rf6+ Ke7 63. Ra6 Rxe5 64. Kh2 Kd7 65. Rg6 1/2-1/2

[Event "Zhukovsky op-A"]
[Site "Zhukovsky"]
[Date "2009.01.??"]
[Round "1"]
[White "Domnin, Vladimir"]
[Black "Konovalov, Valerij"]
[Result "0-1"]
[WhiteElo "2016"]
[BlackElo "2304"]
[PlyCount "78"]
[EventDate "2009.01.??"]
[EventType "swiss"]
[EventRounds "7"]
[EventCountry "RUS"]
[SourceTitle "EXT 2012"]
[Source "ChessBase"]
[SourceDate "2011.11.24"]
[SourceVersion "1"]
[SourceVersionDate "2011.11.24"]
[SourceQuality "1"]

1. d4 Nf6 2. c4 g6 3. Nc3 Bg7 4. e4 0-0 5. f4 d6 6. Nf3 c5 7. d5 e6 8. Bd3 exd5 9. cxd5 Re8 10. 0-0 c4 11. Bc2 b5 12. a3 Bb7 13. Re1 Ng4 14. Nxb5 Qb6+ 15. Nbd4 Bxd5 16. h3 Nc6 17. hxg4 Nxd4 18. Nxd4 Bxd4+ 19. Kh2 Be6 20. f5 Be5+ 21. Kh1 Qf2 22. Re3 Bd7 23. Rh3 Qb6 24. Rb1 Rac8 25. Qd2 Bg7 26. Qf4 d5 27. Be3 d4 28. fxg6 Qxg6 29. Bf2 d3 30. Bd1 Rxe4 31. Qd2 Rce8 32. Bf3 Re2 33. Bxe2 Rxe2 34. Qf4 Be5 35. Qxc4 d2 36. Rf1 Rxf2 37. Rxf2 d1Q+ 38. Rf1 Qdxg4 39. Qd5 Qxh3+ 0-1

[Event "Zhukovsky op-A"]
[Site "Zhukovsky"]
[Date "2008.11.28"]
[Round "4"]
[White "Domnin, Vladimir"]
[Black "Shebchenko, Vladimir"]
[Result "1/2-1/2"]
[WhiteElo "2075"]
[BlackElo "1939"]
[PlyCount "139"]
[EventDate "2008.11.28"]
[EventType "swiss"]
[EventRounds "9"]
[EventCountry "RUS"]
[SourceTitle "EXT 2022"]
[Source "ChessBase"]
[SourceDate "2021.10.06"]
[SourceVersion "1"]
[SourceVersionDate "2021.10.06"]
[SourceQuality "1"]

1. d4 Nf6 2. c4 g6 3. Nc3 Bg7 4. e4 d6 5. f4 c5 6. d5 0-0 7. Nf3 e6 8. Bd3 exd5 9. cxd5 a6 10. 0-0 b5 11. a3 Bg4 12. Qe1 Nbd7 13. Ng5 h6 14. Nf3 c4 15. Bc2 Re8 16. Be3 Bxf3 17. gxf3 Nh5 18. Qf2 Qf6 19. Qd2 Rac8 20. Rab1 Nc5 21. Ne2 Qh4 22. Qe1 Qxe1 23. Rfxe1 Nd3 24. Bxd3 cxd3 25. Ng3 Nxg3 26. hxg3 Rc2 27. Red1 Rec8 28. Rxd3 Rxb2 29. Rxb2 Bxb2 30. Bd4 Bxd4+ 31. Rxd4 Rc3 32. e5 Kf8 33. a4 Rxf3 34. Kg2 dxe5 35. fxe5 Rb3 36. axb5 axb5 37. d6 Ke8 38. Rd5 b4 39. Kf2 Rc3 40. Rb5 b3 41. Rb8+ Kd7 42. Rb7+ Kc8 43. Rb5 h5 44. Kg2 g5 45. e6 fxe6 46. Rxg5 b2 47. Rb5 Rc2+ 48. Kf3 Kd7 49. Rb6 Rc1 50. Rxb2 Kxd6 51. Rh2 Rf1+ 52. Ke4 Rf5 53. Ra2 Ke7 54. Ra8 Kf7 55. Rb8 Rg5 56. Kf4 Rg4+ 57. Kf3 Kf6 58. Rh8 Kg6 59. Re8 Kf5 60. Rf8+ Ke5 61. Ra8 Rg5 62. Ra5+ Kf6 63. Ra6 Rc5 64. Kf4 Rc4+ 65. Kf3 Kf5 66. Ra8 Rc3+ 67. Kg2 Rc5 68. Kf3 Rc3+ 69. Kg2 e5 70. Rf8+ 1/2-1/2

[Event "Zhukovsky op"]
[Site "Zhukovsky"]
[Date "2008.??.??"]
[Round "8"]
[White "Andryushchenko, Sergey"]
[Black "Domnin, Vladimir"]
[Result "1-0"]
[WhiteElo "1946"]
[BlackElo "2088"]
[PlyCount "73"]
[EventDate "2008.08.22"]
[EventType "swiss"]
[EventRounds "9"]
[EventCountry "RUS"]
[SourceTitle "CBM 126 Extra"]
[Source "ChessBase"]
[SourceDate "2008.11.05"]
[SourceVersion "1"]
[SourceVersionDate "2008.11.05"]
[SourceQuality "1"]

1. e4 c5 2. Nf3 Nc6 3. d4 cxd4 4. Nxd4 e5 5. Nb5 a6 6. Nd6+ Bxd6 7. Qxd6 Qe7 8. Qxe7+ Ngxe7 9. Be3 d5 10. exd5 Nxd5 11. Bd2 Be6 12. Nc3 0-0 13. 0-0-0 Rac8 14. a3 b5 15. g3 Nd4 16. f4 b4 17. axb4 Nxb4 18. fxe5 Ndxc2 19. Be2 Bb3 20. Bg4 Rc7 21. Bf4 Rc5 22. Rd6 Na2+ 23. Kd2 a5 24. Nxa2 Bxa2 25. Rc1 Bb3 26. Bf5 g5 27. Bxc2 Rfc8 28. Bxb3 Rxc1 29. Bxg5 R1c7 30. e6 Rb7 31. exf7+ Kg7 32. Bh6+ Kh8 33. f8Q+ Rxf8 34. Bxf8 Rxb3 35. Rd8 Kg8 36. Bd6+ Kf7 37. Rb8 1-0

[Event "Zhukovsky op"]
[Site "Zhukovsky"]
[Date "2008.??.??"]
[Round "6"]
[White "Domnin, Vladimir"]
[Black "Dzhaumutbaev, Erzhan"]
[Result "0-1"]
[WhiteElo "2088"]
[BlackElo "2002"]
[PlyCount "96"]
[EventDate "2008.08.22"]
[EventType "swiss"]
[EventRounds "9"]
[EventCountry "RUS"]
[SourceTitle "CBM 126 Extra"]
[Source "ChessBase"]
[SourceDate "2008.11.05"]
[SourceVersion "1"]
[SourceVersionDate "2008.11.05"]
[SourceQuality "1"]

1. d4 Nf6 2. c4 e6 3. Nc3 Bb4 4. e3 Nc6 5. Bd3 Bxc3+ 6. bxc3 0-0 7. Nf3 d6 8. e4 e5 9. d5 Nb8 10. h3 Na6 11. Be3 c6 12. 0-0 Qc7 13. Rc1 h6 14. Nh4 cxd5 15. cxd5 Nc5 16. Bxc5 Qxc5 17. Qf3 b5 18. Nf5 Bxf5 19. Qxf5 a5 20. g4 Ne8 21. Kg2 Rb8 22. h4 g6 23. Qf3 a4 24. Qe2 Nf6 25. f4 h5 26. gxh5 Nxh5 27. fxe5 dxe5 28. Rc2 Nf4+ 29. Rxf4 exf4 30. h5 Qd6 31. Qg4 Kg7 32. Kf3 Qe5 33. hxg6 fxg6 34. Bxb5 Rf7 35. Bxa4 Rb1 36. Bb3 Re1 37. Kf2 Qxe4 38. Re2 Rxe2+ 39. Qxe2 Qh1 40. Qe5+ Kh7 41. d6 Qh4+ 42. Kf1 Rf5 43. Qe8 Qh3+ 44. Kf2 Qg3+ 45. Kf1 f3 46. Qg8+ Kh6 47. Qh8+ Kg5 48. Qh1 Re5 0-1

[Event "Zhukovsky op"]
[Site "Zhukovsky"]
[Date "2008.??.??"]
[Round "2"]
[White "Medvedev, Vladimir"]
[Black "Domnin, Vladimir"]
[Result "0-1"]
[WhiteElo "2182"]
[BlackElo "2088"]
[PlyCount "78"]
[EventDate "2008.08.22"]
[EventType "swiss"]
[EventRounds "9"]
[EventCountry "RUS"]
[SourceTitle "CBM 126 Extra"]
[Source "ChessBase"]
[SourceDate "2008.11.05"]
[SourceVersion "1"]
[SourceVersionDate "2008.11.05"]
[SourceQuality "1"]

1. d4 e6 2. e4 d5 3. Nd2 dxe4 4. Nxe4 Nf6 5. Bg5 Be7 6. Bxf6 Bxf6 7. Nf3 0-0 8. c3 b6 9. Bd3 Bb7 10. h4 Nd7 11. g4 c5 12. g5 Be7 13. Rg1 cxd4 14. Nxd4 Nc5 15. Nxc5 bxc5 16. Nc2 Qd6 17. Qe2 Qf4 18. Ne3 Bf3 19. Qc2 Qxh4 20. Rg3 c4 21. Nxc4 Bd5 22. Ne3 Bxg5 23. Bxh7+ Kh8 24. Bd3 f5 25. Bf1 Bh6 26. Rh3 Qf6 27. 0-0-0 Be4 28. Bd3 Bxd3 29. Rxd3 Rfd8 30. Kb1 Rxd3 31. Qxd3 Rd8 32. Qa6 f4 33. Qxa7 fxe3 34. Qxe3 Kg8 35. Qe4 Rd1+ 36. Kc2 Rd2+ 37. Kb3 Rxf2 38. Rd3 Qf5 39. Qa8+ Kh7 0-1